| 000 | 00798cam a2200217 4500 | ||
|---|---|---|---|
| 001 | WB3603-09 | ||
| 008 | 000000n2000 000 0 eng u | ||
| 035 | _a(Sirsi) u103690 | ||
| 245 | _aGrowth rate records | ||
| 260 | _c2000 | ||
| 490 |
_aRetail Week _v14 January 2000, 17(1) |
||
| 520 | _aA survey by GVA Grimley and the Confederation of British Industry suggests that retailers' fortunes are booming, and that they are currently expanding their property portfolios at a higher rate than ever before. | ||
| 590 | _aWB | ||
| 650 | _aRETAILERS | ||
| 650 | _aPROPERTY PORTFOLIOS | ||
| 650 | _aPROPERTY-COMMERCIAL PROPERTY-RETAIL PROPERTY-RETAIL PROPERTY MARKET | ||
| 650 | _aGVA GRIMLEY | ||
| 650 | _aCBI SURVEY | ||
| 690 | _aPROPERTY-COMMERCIAL PROPERTY-RETAIL PROPERTY | ||
| 942 | _n0 | ||
| 999 |
_c62267 _d62267 |
||